000 00800 a2200241 4500
003 OSt
005 20180116192341.0
008 120529t xxu||||| |||| 00| 0 eng d
020 _a9781856695862 (pbk.)
020 _a1856695867.
040 _c0
082 0 4 _a746.0285
100 1 _aBowles, Melanie
_92342
245 1 0 _aDigital textile design
_c Melanie Bowles and Ceri Isaac.
260 _aLondon :
_bLaurence King,
_c2009.
300 _a192 p. :
_bill. (chiefly col.) ;
_c28 cm.
500 _aIncludes bibliographical references and index.
650 1 0 _a Textile design
_x Data processing.
_92343
650 1 0 _aTextile printing
_xData processing
_92344
710 _aIsaac,Ceri
_92345
942 _aSADA
_cBK
_k746.0285 BOW 2009
_2ddc
999 _c352680
_d352680